Les disciplines des Jeux de la Micronésie depuis 1969 - Statistiques

Statistiques générales
  • Ce quiz a été pris 3 fois
  • Le résultat moyen est 10 sur 17
Statistiques - réponses
Domaine Initiale Sports % Correct
Sports d'équipe B Baseball x
100%
Sports d'équipe B Basket x
100%
Sports d'équipe F Football x
100%
Sports de combat L Lutte x
100%
Sports de raquette T Tennis x
100%
Sports d'équipe V Volleyball X
100%
Autres sports H Haltérophilie x
67%
Sports d'eau N Natation x
67%
Sports de raquette T Tennis de table x
67%
Autres sports A Athlétisme x
33%
Sports d'équipe B Beach volley x
33%
Autres sports G Golf x
33%
Sports d'eau S Pêche {sous-marine} x
33%
Sports d'équipe S Softball x
33%
Autres sports T Triathlon x
33%
Sports d'eau V Va'a X
33%
Sports de raquette M Sports {micronésiens} x
0%
Aucun quiz correspondant
Distribution des résultats
% des personnes avec chaque résultat
Percentile par nombre de réponses
Votre historique - résultats
Vous n’avez pas pris ce quiz